=LDR 00000nam 2200000 4500 =001 INLIS000000000047016 =005 20150629121301.0 =006 =007 =008 =020 ##$$a 979-450-219-0 =035 ##$$0010-061500000000105 =082 ##$$a 346.048-Hak-h =245 ##$$a Undang-undang hak cipta paten dan merek =260 ##$$a Jakarta $b Ghalia Indonesia $c 1994 =300 ##$$a 586 Hlm $c 21 Cm =850 ##$$a NBPNMAT =990 ##$$a 2090100816/BPAP-NTB/2015